000 00525nam a2200193Ia 4500
005 20250326123512.0
008 250326s9999 xx 000 0 und d
037 _aTextbook
040 _aFMSL
_beng
_cFMSL
041 _aeng
_2eng
084 _aX:8.1 N7
_qFMSL
100 _aHodgetts R M
_9701698
245 0 _aInternational management
_cHodgetts R M; Luthans F
250 _a3
260 _aNew Delhi
_bNew Delhi, McGraw Hill
_c1997
300 _a647p
942 _cTB
_hX:8.1 N7
999 _c1269641
_d1269641